000 00226nam a22001217a 4500
040 _cSY
082 _a333
100 _aNA
245 _aOrthophoto production manual
260 _aRUA
_bNA
_c2003
300 _a29p.
942 _cEK
999 _c9645
_d9645